<?xml version="1.0" encoding="UTF-8"?>
<record
    xmlns:xsi="http://www.w3.org/2001/XMLSchema-instance"
    xsi:schemaLocation="http://www.loc.gov/MARC21/slim http://www.loc.gov/standards/marcxml/schema/MARC21slim.xsd"
    xmlns="http://www.loc.gov/MARC21/slim">

  <leader>00827nam a2200241 a 4500</leader>
  <controlfield tag="001">1041</controlfield>
  <controlfield tag="003">BR-CuiBMT</controlfield>
  <controlfield tag="005">20231127203329.0</controlfield>
  <controlfield tag="008">231127s2009    mtba          000 0 por d</controlfield>
  <datafield tag="020" ind1=" " ind2=" ">
    <subfield code="a">9788587226976</subfield>
  </datafield>
  <datafield tag="040" ind1=" " ind2=" ">
    <subfield code="a">BR-CuiBMT</subfield>
    <subfield code="c">BR-CuiBMT</subfield>
  </datafield>
  <datafield tag="080" ind1=" " ind2=" ">
    <subfield code="2">2007</subfield>
    <subfield code="a">35.078.3</subfield>
    <subfield code="x">(817.2)</subfield>
  </datafield>
  <datafield tag="090" ind1=" " ind2=" ">
    <subfield code="a">35.078.3(817.2)</subfield>
    <subfield code="b">E65</subfield>
  </datafield>
  <datafield tag="245" ind1="1" ind2="2">
    <subfield code="a">A Era do cidad&#xE3;o :</subfield>
    <subfield code="b">a experi&#xEA;ncia do Tribunal de Contas de Mato Grosso /</subfield>
    <subfield code="c">Antonio Joaquim Moraes Rodrigues Neto (org.).</subfield>
  </datafield>
  <datafield tag="260" ind1=" " ind2=" ">
    <subfield code="a">Cuiab&#xE1; :</subfield>
    <subfield code="b">Entrelinhas,</subfield>
    <subfield code="c">2009.</subfield>
  </datafield>
  <datafield tag="300" ind1=" " ind2=" ">
    <subfield code="a">187 p.:</subfield>
    <subfield code="b">il.</subfield>
    <subfield code="c">23 cm</subfield>
  </datafield>
  <datafield tag="504" ind1=" " ind2=" ">
    <subfield code="a">Inclui bibliografia.</subfield>
  </datafield>
  <datafield tag="610" ind1="1" ind2="4">
    <subfield code="a">Mato Grosso</subfield>
    <subfield code="b">Tribunal de Contas</subfield>
  </datafield>
  <datafield tag="650" ind1=" " ind2=" ">
    <subfield code="a">Administra&#xE7;&#xE3;o p&#xFA;blica</subfield>
    <subfield code="x">Auditoria</subfield>
    <subfield code="z">Mato Grosso</subfield>
  </datafield>
  <datafield tag="650" ind1=" " ind2=" ">
    <subfield code="a">Controle social</subfield>
    <subfield code="z">Mato Grosso</subfield>
  </datafield>
  <datafield tag="700" ind1=" " ind2=" ">
    <subfield code="4">org.</subfield>
    <subfield code="a">Rodrigues Neto, Antonio Joaquim Moraes,</subfield>
    <subfield code="d">1956-</subfield>
  </datafield>
  <datafield tag="942" ind1=" " ind2=" ">
    <subfield code="2">udc</subfield>
    <subfield code="c">LV</subfield>
  </datafield>
  <datafield tag="952" ind1=" " ind2=" ">
    <subfield code="0">0</subfield>
    <subfield code="1">0</subfield>
    <subfield code="2">udc</subfield>
    <subfield code="4">0</subfield>
    <subfield code="7">0</subfield>
    <subfield code="a">BIBTCEMT</subfield>
    <subfield code="b">BIBTCEMT</subfield>
    <subfield code="d">2023-11-27</subfield>
    <subfield code="l">0</subfield>
    <subfield code="o">35.078.3(817.2) E65</subfield>
    <subfield code="p">BIBTCEMT23111165</subfield>
    <subfield code="r">2023-11-27</subfield>
    <subfield code="t">Ex. 1</subfield>
    <subfield code="w">2023-11-27</subfield>
    <subfield code="y">LV</subfield>
  </datafield>
  <datafield tag="952" ind1=" " ind2=" ">
    <subfield code="0">0</subfield>
    <subfield code="1">0</subfield>
    <subfield code="2">udc</subfield>
    <subfield code="4">0</subfield>
    <subfield code="7">0</subfield>
    <subfield code="a">BIBTCEMT</subfield>
    <subfield code="b">BIBTCEMT</subfield>
    <subfield code="d">2023-11-28</subfield>
    <subfield code="l">0</subfield>
    <subfield code="o">35.078.3(817.2) E65</subfield>
    <subfield code="p">BIBTCEMT23111207</subfield>
    <subfield code="r">2023-11-28</subfield>
    <subfield code="t">Ex. 2</subfield>
    <subfield code="w">2023-11-28</subfield>
    <subfield code="y">LV</subfield>
  </datafield>
  <datafield tag="952" ind1=" " ind2=" ">
    <subfield code="0">0</subfield>
    <subfield code="1">0</subfield>
    <subfield code="2">udc</subfield>
    <subfield code="4">0</subfield>
    <subfield code="7">0</subfield>
    <subfield code="a">BIBTCEMT</subfield>
    <subfield code="b">BIBTCEMT</subfield>
    <subfield code="d">2023-11-28</subfield>
    <subfield code="l">0</subfield>
    <subfield code="o">35.078.3(817.2) E65</subfield>
    <subfield code="p">BIBTCEMT23111208</subfield>
    <subfield code="r">2023-11-28</subfield>
    <subfield code="t">Ex. 3</subfield>
    <subfield code="w">2023-11-28</subfield>
    <subfield code="y">LV</subfield>
  </datafield>
  <datafield tag="952" ind1=" " ind2=" ">
    <subfield code="0">0</subfield>
    <subfield code="1">0</subfield>
    <subfield code="2">udc</subfield>
    <subfield code="4">0</subfield>
    <subfield code="7">0</subfield>
    <subfield code="a">BIBTCEMT</subfield>
    <subfield code="b">BIBTCEMT</subfield>
    <subfield code="d">2023-11-28</subfield>
    <subfield code="l">0</subfield>
    <subfield code="o">35.078.3(817.2) E65</subfield>
    <subfield code="p">BIBTCEMT23111209</subfield>
    <subfield code="r">2023-11-28</subfield>
    <subfield code="t">Ex. 4</subfield>
    <subfield code="w">2023-11-28</subfield>
    <subfield code="y">LV</subfield>
  </datafield>
  <datafield tag="952" ind1=" " ind2=" ">
    <subfield code="0">0</subfield>
    <subfield code="1">0</subfield>
    <subfield code="2">udc</subfield>
    <subfield code="4">0</subfield>
    <subfield code="7">0</subfield>
    <subfield code="a">BIBTCEMT</subfield>
    <subfield code="b">BIBTCEMT</subfield>
    <subfield code="d">2023-11-28</subfield>
    <subfield code="l">0</subfield>
    <subfield code="o">35.078.3(817.2) E65</subfield>
    <subfield code="p">BIBTCEMT23111210</subfield>
    <subfield code="r">2023-11-28</subfield>
    <subfield code="t">Ex. 5</subfield>
    <subfield code="w">2023-11-28</subfield>
    <subfield code="y">LV</subfield>
  </datafield>
  <datafield tag="999" ind1=" " ind2=" ">
    <subfield code="c">1041</subfield>
    <subfield code="d">1041</subfield>
  </datafield>
</record>
